<?xml version="1.0" encoding="UTF-8"?>
<record
    xmlns:xsi="http://www.w3.org/2001/XMLSchema-instance"
    xsi:schemaLocation="http://www.loc.gov/MARC21/slim http://www.loc.gov/standards/marcxml/schema/MARC21slim.xsd"
    xmlns="http://www.loc.gov/MARC21/slim">

  <leader>01014nam a22002177a 4500</leader>
  <controlfield tag="003">OSt</controlfield>
  <controlfield tag="005">20151026133603.0</controlfield>
  <controlfield tag="008">130718s2012    sp ||||| |||| 00| 0 spa d</controlfield>
  <datafield tag="040" ind1=" " ind2=" ">
    <subfield code="c">CDMR</subfield>
  </datafield>
  <datafield tag="100" ind1="1" ind2=" ">
    <subfield code="9">3973</subfield>
    <subfield code="a">Manero Ru&#xED;z, Enrique</subfield>
  </datafield>
  <datafield tag="245" ind1="1" ind2="0">
    <subfield code="a">Prensa oficial y mentalidad ilustrada</subfield>
    <subfield code="b">: La Gaceta de Madrid (1759-1788)</subfield>
    <subfield code="c">Enrique Manero Ru&#xED;z ; Carlos Mart&#xED;nez Shaw (Director de Tesis)</subfield>
    <subfield code="h">[recurs electr&#xF2;nic]</subfield>
  </datafield>
  <datafield tag="260" ind1=" " ind2=" ">
    <subfield code="c">2012</subfield>
  </datafield>
  <datafield tag="502" ind1=" " ind2=" ">
    <subfield code="a">Tesi defensada el 30 d'octubre de 2012,</subfield>
    <subfield code="c">Universidad Nacional de Educaci&#xF3;n a Distancia (Espa&#xF1;a). Facultad de Geograf&#xED;a e Historia. Departamento de Historia Moderna</subfield>
  </datafield>
  <datafield tag="610" ind1="2" ind2=" ">
    <subfield code="9">3972</subfield>
    <subfield code="a">Gaceta de Madrid</subfield>
  </datafield>
  <datafield tag="650" ind1="0" ind2="4">
    <subfield code="9">3729</subfield>
    <subfield code="a">Premsa</subfield>
    <subfield code="x">Hist&#xF2;ria</subfield>
    <subfield code="z">Espanya</subfield>
    <subfield code="y">S. XVIII</subfield>
  </datafield>
  <datafield tag="650" ind1="0" ind2="4">
    <subfield code="9">2994</subfield>
    <subfield code="a">Tesis i dissertacions acad&#xE8;miques</subfield>
  </datafield>
  <datafield tag="700" ind1="1" ind2=" ">
    <subfield code="9">3974</subfield>
    <subfield code="a">Mart&#xED;nez Shaw, Carlos</subfield>
  </datafield>
  <datafield tag="710" ind1="2" ind2=" ">
    <subfield code="9">3975</subfield>
    <subfield code="a">Universidad Nacional de Educaci&#xF3;n a Distancia (Espanya)</subfield>
  </datafield>
  <datafield tag="856" ind1=" " ind2=" ">
    <subfield code="u">http://e-spacio.uned.es/fez/view.php?pid=tesisuned:GeoHis-Emanero</subfield>
    <subfield code="y">Disponible en l&#xED;nia (UNED)</subfield>
  </datafield>
  <datafield tag="942" ind1=" " ind2=" ">
    <subfield code="2">udc</subfield>
    <subfield code="c">TSN-E</subfield>
  </datafield>
  <datafield tag="999" ind1=" " ind2=" ">
    <subfield code="c">6606</subfield>
    <subfield code="d">6606</subfield>
  </datafield>
  <datafield tag="952" ind1=" " ind2=" ">
    <subfield code="0">0</subfield>
    <subfield code="1">0</subfield>
    <subfield code="4">0</subfield>
    <subfield code="7">0</subfield>
    <subfield code="a">CDMR</subfield>
    <subfield code="b">CDMR</subfield>
    <subfield code="d">2013-07-18</subfield>
    <subfield code="l">0</subfield>
    <subfield code="p">CDMR13096922</subfield>
    <subfield code="r">2013-07-18</subfield>
    <subfield code="w">2013-07-18</subfield>
    <subfield code="y">TSN-E</subfield>
    <subfield code="z">Tesi dipositada a "e-spacio de los contenidos digitales de la UNED"</subfield>
  </datafield>
</record>
